MARC details
| 000 -LEADER |
| fixed length control field |
01219cam a22002774a 4500 |
| 005 - DATE AND TIME OF LATEST TRANSACTION |
| control field |
20220915091318.0 |
| 008 - FIXED-LENGTH DATA ELEMENTS--GENERAL INFORMATION |
| fixed length control field |
010507s2002 enka b 001 0 eng |
| 010 ## - LIBRARY OF CONGRESS CONTROL NUMBER |
| LC control number |
2001035710 |
| 020 ## - INTERNATIONAL STANDARD BOOK NUMBER |
| International Standard Book Number |
0521791030 |
| 040 ## - CATALOGING SOURCE |
| Original cataloging agency |
DLC |
| Transcribing agency |
DLC |
| Modifying agency |
DLC |
| 042 ## - |
| -- |
pcc |
| 050 00 - LIBRARY OF CONGRESS CALL NUMBER |
| Classification number |
TN560 |
| Item number |
.S56 2002 |
| 082 00 - |
| -- |
669/.92 |
| -- |
21 |
| 100 1# - MAIN ENTRY--PERSONAL NAME |
| Personal name |
Sinclair, Alastair J. |
| Fuller form of name |
(Alastair James), |
| Dates associated with a name |
1935- |
| 245 10 - TITLE STATEMENT |
| Title |
Applied mineral inventory estimation / |
| Statement of responsibility, etc. |
Alastair J. Sinclair, Garston H. Blackwell. |
| 260 ## - PUBLICATION, DISTRIBUTION, ETC. |
| Place of publication, distribution, etc. |
Cambridge ; |
| -- |
New York : |
| Name of publisher, distributor, etc. |
Cambridge University Press, |
| Date of publication, distribution, etc. |
2002. |
| 300 ## - PHYSICAL DESCRIPTION |
| Extent |
xviii, 381 p. : |
| Other physical details |
ill. ; |
| Dimensions |
26 cm. |
| 504 ## - BIBLIOGRAPHY, ETC. NOTE |
| Bibliography, etc. note |
Includes bibliographical references (p. 353-376) and index. |
| 650 #0 - SUBJECT ADDED ENTRY--TOPICAL TERM |
| Topical term or geographic name entry element |
Ores |
| General subdivision |
Sampling and estimation. |
| 700 1# - ADDED ENTRY--PERSONAL NAME |
| Personal name |
Blackwell, Garston H., |
| Dates associated with a name |
1944- |
| 856 41 - ELECTRONIC LOCATION AND ACCESS |
| Uniform Resource Identifier |
http://www.loc.gov/catdir/samples/cam031/2001035710.html |
| 856 42 - ELECTRONIC LOCATION AND ACCESS |
| Uniform Resource Identifier |
http://www.loc.gov/catdir/description/cam021/2001035710.html |
| 856 41 - ELECTRONIC LOCATION AND ACCESS |
| Uniform Resource Identifier |
http://www.loc.gov/catdir/toc/cam023/2001035710.html |
| 995 ## - |
| -- |
MAIN LIBRARY OPEN ACCESS |
| -- |
0.00 |
| -- |
717701 |
| -- |
CBU-MAIN LIBRARY (Kitwe) |
| -- |
1 |
| -- |
3.00 |
| -- |
TA 340 Wil |
| -- |
1 |
| -- |
LOST |
| -- |
Mar 7, 2013 |
| -- |
014063 |
| -- |
Main Library Open Access Collection |
| 999 ## - |
| -- |
59 |
| -- |
59 |